- Pavlenko, Petr Andreevich,
Entry Nombre Personal
001 - NUMERO DE CONTROL
- campo de control: 53323
003 - IDENTIFICADOR DE NUMERO DE CONTROL
- campo de control: DLC
005 - FECHA Y HORA DE LA ÜLTIMA TRANSACCIÓN
- campo de control: 20240829160941.0
008 - DATOS DE LONGITUD FIJA
- campo de control de longitud fija: 861015n| azannaabn |b aaa c
010 ## - NÚMERO DE CONTROL DE LA BIBLIOTECA DEL CONGRESO
- Número de control LC: n 85199211
035 ## - NUMERO DE CONTROL
- Número de control: (OCoLC)oca01715130
040 ## - FUENTE DE CATALOGACIÓN
- Agencia original de catalogación: CLU
- Lenguaje de catalogación: spa
- Description conventions: rda
- Agencia de transcripción: DLC
- Agencia que lo modifica: OCoLC
- Agencia que lo modifica: WU
- Agencia que lo modifica: DLC
- Agencia que lo modifica: InNd
- Agencia que lo modifica: MX-MxUPN
046 ## - FECHAS CON CODIFICACIÓN ESPECIAL
- Fecha de nacimiento: 1899
- Fecha de muerte: 1951
053 #0 - NÚMERO DE CLASIFICACIÓN LC
- Número de clasificación elemento-número único o número inicial de tramo: PG3476.P3
100 1# - ENCABEZAMIENTO - NOMBRE PERSONAL
- Nombre personal: Pavlenko, Petr Andreevich,
- Fechas asociadas con el nombre: 1899-1951
400 1# - VEÁSE - NOMBRE DE PERSONA
- Personal name: Pavlenko, P.
- Fuller form of name: (Petr),
- Dates associated with a name: 1899-1951
400 1# - VEÁSE - NOMBRE DE PERSONA
- Personal name: Pavlenko, Piotr,
- Dates associated with a name: 1899-1951
400 1# - VEÁSE - NOMBRE DE PERSONA
- Personal name: Pavlenko, Pyotr,
- Dates associated with a name: 1899-1951
670 ## - FUENTE EN LA QUE SE LOCALIZARON DATOS
- Cita de la fuente: Aleksandr Nevskiĭ. Alexander Nevsky [MP] 1938:
- Información localizada: t.p. (screenplay by P. Pavlenko)
670 ## - FUENTE EN LA QUE SE LOCALIZARON DATOS
- Cita de la fuente: Filmlexicon degli autori e delle opere
- Información localizada: (Piotr Pavlenko; b. 1899 d. 1951)
670 ## - FUENTE EN LA QUE SE LOCALIZARON DATOS
- Cita de la fuente: Bolʹsh sov. ėnt︠s︡ik, 3 izd.
- Información localizada: (Pavlenko, Petr Andreevich; b. 1899 d. 1951)
670 ## - FUENTE EN LA QUE SE LOCALIZARON DATOS
- Cita de la fuente: LC in OCLC, 9/9/86
- Información localizada: (hdg.: Pavlenko, Petr Andreevich, 1899-1951; usage: Pyotr Pavlenko)
670 ## - FUENTE EN LA QUE SE LOCALIZARON DATOS
- Cita de la fuente: El sol de la estepa, 1952:
- Información localizada: portada (P. Pavlenko)
902 ## - CATALOGADOR
- Catalogador: Víctor Ruiz/290824
